[Event "Reykjavik Chess Congress 2018"]
[Site "Reykjavik"]
[Date "2018.01.31"]
[Round "7"]
[White "Fridjonsson, Julius"]
[Black "Birkisson, Bjorn Holm"]
[Result "1/2-1/2"]
[WhiteElo "2137"]
[BlackElo "2084"]
[Annotator "TA"]
[PlyCount "48"]
[EventDate "2018.??.??"]
[EventType "swiss"]
[EventCountry "ISL"]
[SourceTitle "playchess.com"]
[Source "ChessBase"]
[SourceQuality "1"]

{[%evp 31,48,0,0,0,0,-17,0,-65,0,-33,-44,-88,0,0,0,-105,0,-372,22]} 1. c4 e6 2. Nf3 d5 3. b3 Nf6 4. g3 c5 5. Bg2 Be7 6. O-O O-O 7. Bb2 Nc6 8. e3 d4 9. exd4 cxd4 10. Re1 Re8 11. a3 a5 12. d3 Bf8 {A14: Reti-Eröffnung} 13. Ne5 Nxe5 14. Rxe5 Nd7 15. Rb5 Nc5 16. b4 axb4 {LiveBook: 14 Partien} 17. axb4 Rxa1 18. Bxa1 Na6 19. Qb3 (19. Bb2 $11) 19... Nc7 $146 (19... b6 $15) 20. Re5 Qd6 21. Rc5 Qd8 (21... e5 $17 22. Bb2 Bd7) 22. Re5 Qd6 ({Lieber} 22... Na6 $11) 23. Rc5 $1 $17 Qd8 (23... e5 $17 24. Bb2 Qb6) 24. Rb5 $2 {[%mdl 8192] [#]} (24. Re5 $11 {und Weiss ist OK.}) 24... Na6 $2 ({Günstiger ist} 24... Nxb5 $19 25. cxb5 e5) 1/2-1/2

[Event "Reykjavik Chess Congress 2018"]
[Site "Reykjavik"]
[Date "2018.01.31"]
[Round "7"]
[White "Bergsson, Stefan"]
[Black "Bjornsson, Sigurbjorn"]
[Result "1-0"]
[WhiteElo "2093"]
[BlackElo "2288"]
[Annotator "TA"]
[PlyCount "121"]
[EventDate "2018.??.??"]
[EventType "swiss"]
[EventCountry "ISL"]
[SourceTitle "playchess.com"]
[Source "ChessBase"]
[SourceQuality "1"]

{[%evp 9,121,50,46,45,51,42,42,50,44,39,45,8,5,8,19,13,56,-11,-9,-16,0,-3,18,21,23,0,14,0,66,66,66,72,66,68,79,68,63,60,45,42,68,0,2,0,23,30,62,52,109,109,131,97,95,106,158,108,407,397,387,384,341,305,439,155,912,859,801,95,130,0,567,555,2795,5601,12829,12829,12829,12829,12829,6713,12840,12840,12845,12840,12841,12841,12840,12840,12839,12839,12845,12845,12845,12846,12846,12846,12849,12849,29987,29981,29981,29979,29979,29980,29983,29984,29983,29985,29989,29988,29988,29987,29988,29988]} 1. d4 Nf6 2. Bg5 Ne4 3. Bf4 d5 4. e3 c6 5. Bd3 Qb6 (5... Nd6 6. Nf3 Bg4 7. Nbd2 e6 8. O-O Nd7 9. c4 dxc4 10. Nxc4 Nxc4 11. Bxc4 Nb6 12. Be2 Bxf3 13. Bxf3 {½-½ (55) Lenic,L (2646)-Kozul,Z (2632) Austria 2015}) 6. Bxe4 {A45: Trompowsky Attack} dxe4 7. Nd2 Qxb2 8. Ne2 {[%cal Bg1e2,Be2g3,Bg3e4][%mdl 32] White is slightly better.} Nd7 9. Nxe4 Nf6 10. N2g3 $146 ({Predecessor:} 10. Nxf6+ exf6 11. O-O Be7 12. Qd3 O-O {1-0 (65) Gorovykh,E (2447)-Trofimov,V (2221) St Petersburg 2010}) 10... Nxe4 11. Nxe4 Bf5 12. f3 $1 Qb4+ (12... Bxe4 $5 13. fxe4 Qc3+ 14. Ke2 e6 $14) 13. Qd2 (13. Kf2 $14) 13... Qxd2+ $11 14. Kxd2 O-O-O 15. a4 (15. g4 {feels hotter.} Bg6 16. Ke2 f6 17. h4 e5 18. dxe5 fxe5 19. Bg3) 15... Bxe4 (15... f6 {looks sharper.} 16. Ke2 h5 17. h3 Re8 18. a5 e5) 16. fxe4 e6 17. a5 a6 18. Rhb1 (18. c4 {seems wilder.} h5 19. Kc3 Be7 20. h3 f6 21. Rhf1) 18... Bd6 (18... h5 $11) 19. Bxd6 $14 Rxd6 {[%mdl 4096] Endgame KRR-KRR} 20. e5 Rd7 21. Rf1 Rf8 22. g4 f6 23. Rf4 Rg8 {next ...fxe5 is good for Black.} 24. exf6 e5 25. Re4 ({White should try} 25. f7 $14 Rf8 26. Rf5) 25... gxf6 26. Rf1 Rd6 27. Rf5 exd4 28. exd4 Rg5 {[#]} (28... Rd5 $1 $14) 29. c4 $1 $16 Rd7 30. Rxg5 ({Don't play} 30. Rxf6 $6 Rxa5 31. h4 Ra2+ 32. Kc3 Ra3+ 33. Kc2 a5 $11) 30... fxg5 {KR-KR} 31. Ke3 Rd6 (31... Rf7 $142) 32. Re5 Rh6 $2 {[%mdl 8192]} (32... h6 $16) 33. Rxg5 $18 Rxh2 34. Rg8+ Kc7 35. Rg7+ Kc8 (35... Kd6 $142 36. Rxb7 Rg2 37. Rxh7 Rxg4) 36. Kf4 $2 (36. g5 $18 Rh5 37. Kf4) 36... Rd2 $2 (36... h6 $16) 37. Ke5 h6 38. Rg8+ $2 (38. d5 $18 {has better winning chances. Hoping for Rh7.} cxd5 39. cxd5) 38... Kc7 39. Rg7+ $2 {[%mdl 8192]} (39. Rg6 $16) 39... Kc8 40. Rh7 Rh2 {[#]} 41. g5 $1 {[%mdl 512]} Rh5 (41... hxg5 42. Rxh2) 42. Kd6 {[%cal Rh7h8]} Kb8 43. Rh8+ Ka7 44. gxh6 Rxa5 45. d5 cxd5 46. cxd5 Ra1 47. h7 {Ra8+! would kill now.} Rh1 48. Kc7 Rc1+ 49. Kd8 Rd1 50. Rg8 Rxd5+ 51. Kc7 Rc5+ 52. Kd6 Rh5 53. h8=Q Rxh8 54. Rxh8 {KR-KPP. White mates.} Kb6 55. Rh5 a5 56. Rc5 a4 57. Kd5 a3 58. Rc3 Kb5 59. Rxa3 ({Not} 59. Rc5+ Kb4 $11) 59... Kb4 60. Ra7 b5 61. Rb7 {Precision: White = 61%, Black = 29%.} 1-0

[Event "Reykjavik Chess Congress 2018"]
[Site "Reykjavik"]
[Date "2018.01.31"]
[Round "7"]
[White "Halldorsson, Bragi"]
[Black "Heimisson, Hilmir Freyr"]
[Result "1/2-1/2"]
[WhiteElo "2082"]
[BlackElo "2136"]
[Annotator "TA"]
[PlyCount "110"]
[EventDate "2018.??.??"]
[EventType "swiss"]
[EventCountry "ISL"]
[SourceTitle "playchess.com"]
[Source "ChessBase"]
[SourceQuality "1"]

{[%evp 12,110,-12,-70,26,19,10,22,22,20,29,46,106,102,100,97,110,95,168,143,172,162,185,192,231,223,291,298,279,291,375,363,409,388,508,353,445,337,397,384,883,388,425,321,395,375,598,531,406,279,336,314,388,399,473,470,450,373,454,459,486,462,490,475,468,468,454,0,0,0,0,-156,-160,-150,-103,-126,-46,-57,-49,-177,0,-152,0,0,0,-131,-22,-35,0,0,0,0,0,0,0,0,0,0,0,0,0]} 1. d4 Nf6 2. c4 e6 3. Nc3 Bb4 4. f3 c5 5. d5 b5 6. e4 {E20: Nimzo-Indian: 4 g3 and 4 f3} O-O 7. Be3 {LiveBook: 3 Games} (7. Bg5 $11) (7. e5 Ne8 8. f4 exd5 9. cxd5 d6 10. Nf3 Nc7 11. a4 Bb7 12. Bd3 h6 13. O-O c4 14. Bb1 dxe5 15. fxe5 Nxd5 16. Nxb5 {1-0 (36) Mamedyarov,S (2799)-Le,Q (2737) Huaian 2017}) 7... Qa5 $146 (7... bxc4 $15 8. Bxc4 Ba6 9. Bxa6 Nxa6) ({Find the theoretical novelty and annotate with similar games:} 7... bxc4 8. Bxc4 exd5 9. Bxd5 Nxd5 10. Qxd5 Qb6 11. Nge2 Bxc3+ 12. bxc3 Ba6 13. Rd1 Nc6 14. Bxc5 {½-½ (21) Pacher,M (2437)-Repka,C (2426) Vienna 2015}) 8. Bd2 $11 {White has an edge.} bxc4 9. a3 $1 {[%cal Ra3b4]} Bxc3 10. Bxc3 Qd8 11. Bxc4 Nxd5 (11... Ba6 $14 12. Bxa6 Nxa6) 12. Bxd5 $16 exd5 13. Qxd5 Qb6 14. Ne2 (14. Qxa8 Bb7 $17) 14... Ba6 (14... Bb7 $16 15. Qd2 Nc6) 15. Nf4 $40 {[%mdl 128] White goes for the king.} (15. Qxa8 Bb7 $17) 15... Qh6 16. g3 ({Worse is} 16. Qxa8 Qxf4 17. Qd5 (17. Bd2 $2 Qh4+ 18. g3 Qh5 $19) 17... Qe3+ 18. Kd1 Qe2+ 19. Kc1 Bd3 $11) 16... Nc6 17. Qxc5 Rac8 18. Rd1 Rfe8 {intending ...Ne5.} 19. Rd6 f6 20. Kf2 ({Less strong is} 20. Rxd7 Ne5 $14) 20... Kh8 21. h4 Ne5 22. Qxa7 Bc4 23. Kg2 Bb5 24. Qd4 Rc4 25. Qd2 Bc6 $2 (25... Ng6 26. Nxg6+ Qxg6) 26. Re1 (26. Bxe5 $142 Rxe5 27. b3) 26... Rc5 27. b3 Nf7 28. Rd4 Rc8 (28... Rce5 $142 29. Rd3 R5e7) 29. Bb4 $18 Re5 30. Qf2 Rg8 31. Bd2 f5 32. Nd3 Qf6 33. Nxe5 Nxe5 34. Bf4 Ng6 35. e5 Qf7 36. Qe3 Nf8 37. b4 Ne6 38. Rd6 Ra8 39. Rb1 $2 ({White should play} 39. Rc1 $18) 39... Nxf4+ $11 40. gxf4 Qa2+ 41. Kg3 $2 (41. Qf2 $1 $11 Qxb1 42. e6) 41... Qxb1 $17 42. e6 Re8 43. Rxd7 {[#]} Bxd7 {[#]} (43... h6 $1 $17 44. Rd3 Bb5) 44. exd7 $1 $15 {[%cal Rd7e8][%mdl 512]} Rg8 $1 ({Stronger than} 44... Rxe3 45. d8=Q+ Re8 46. Qxe8#) 45. Qe8 (45. Qe6 $15 Qg1+ 46. Kh3) 45... Qg1+ $19 46. Kh3 Qh1+ $2 (46... Qd1 $17 47. Kg3 Qg1+ 48. Kh3 Qb6) 47. Kg3 $11 {Threatens to win with Qxg8+!} Qg1+ (47... Qd1 $11) 48. Kh3 $17 {Qxg8+! is the strong threat.} Qb6 {[#]} ({Black should try} 48... Qd1 $17 49. Kg3 Qg1+) 49. b5 $1 $11 {[%mdl 512]} h6 (49... Qb8 $5 {[%cal Rg8e8]} 50. Qe6 Rf8 $17) (49... Qxb5 50. Qxg8+) 50. a4 {The position is equal.} Kh7 51. h5 Kh8 52. Kg2 Qd4 53. Kh3 Qb6 54. Kg2 Qc7 55. Kg3 Qd8 {Precision: White = 63%, Black = 33%.} 1/2-1/2

[Event "Reykjavik Chess Congress 2018"]
[Site "Reykjavik"]
[Date "2018.01.31"]
[Round "7"]
[White "Valdimarsson, Einar"]
[Black "Ptacnikova, Lenka"]
[Result "0-1"]
[WhiteElo "2023"]
[BlackElo "2218"]
[Annotator "RC"]
[PlyCount "86"]
[EventDate "2018.??.??"]
[EventType "swiss"]
[EventCountry "ISL"]
[SourceTitle "playchess.com"]
[Source "ChessBase"]
[SourceQuality "1"]
[TimeControl "40/5400+30:900+30"]

1. d4 {[%emt 0:00:00]} g6 {[%emt 0:03:16]} 2. Bg5 {[%emt 0:02:56]} c5 {[%emt 0:03:18]} 3. d5 {[%emt 0:01:32]} Bg7 {[%emt 0:02:20]} 4. Nc3 {[%emt 0:01:00]} d6 {[%emt 0:02:20]} 5. e4 {[%emt 0:00:53]} a6 {[%emt 0:00:48]} 6. a4 {[%emt 0:03:18]} b6 {[%emt 0:01:21]} 7. Be2 {[%emt 0:01:42]} Nd7 {[%emt 0:01:40]} 8. Nf3 {[%emt 0:01:45]} Qc7 {[%emt 0:00:43]} 9. O-O {[%emt 0:00:26]} Rb8 {[%emt 0:00:51]} 10. Nd2 {[%emt 0:02:31]} Ngf6 {[%emt 0:08:34]} 11. f4 {[%emt 0:05:47]} O-O {[%emt 0:01:40]} 12. Kh1 {[%emt 0:00:11]} Re8 {[%emt 0:03:44]} 13. Bc4 {[%emt 0:02:43]} h6 {[%emt 0:02:18]} 14. Bh4 {[%emt 0:01:04]} Nh7 {[%emt 0:00:44]} 15. Qe2 {[%emt 0:01:24]} Ra8 {[%emt 0:11:57]} 16. Rae1 {[%emt 0:05:01]} Bxc3 {[%emt 0:04:32]} 17. bxc3 {[%emt 0:00:17]} Ndf8 {[%emt 0:04:07]} 18. e5 {[%emt 0:08:28]} Bd7 {[%emt 0:00:11]} 19. e6 {[%emt 0:11:34]} fxe6 {[%emt 0:01:19]} 20. dxe6 {[%emt 0:00:42]} Bc6 {[%emt 0:03:11]} 21. f5 {[%emt 0:02:04]} g5 {[%emt 0:00:30]} 22. Qh5 {[%emt 0:04:43]} gxh4 {[%emt 0:04:40]} 23. Qf7+ {[%emt 0:01:37]} Kh8 {[%emt 0:00:05]} 24. f6 {[%emt 0:15:50]} Nxe6 {[%emt 0:00:24]} 25. Bxe6 {[%emt 0:00:51]} Rg8 {[%emt 0:01:03]} 26. Ne4 {[%emt 0:07:23]} h3 {[%emt 0:17:14]} 27. Rf2 {[%emt 0:07:06]} hxg2+ {[%emt 0:05:09]} 28. Kg1 {[%emt 0:01:02]} Bxe4 {[%emt 0:06:52]} 29. Rxe4 {[%emt 0:01:09]} d5 {[%emt 0:00:34]} 30. Re1 {[%emt 0:06:47]} Ng5 {[%emt 0:05:42]} 31. Qh5 {[%emt 0:00:31]} exf6 {[%emt 0:00:48]} 32. Rxf6 {[%emt 0:00:56]} Rg7 {[%emt 0:03:41]} 33. Rxh6+ {[%emt 0:02:06]} Nh7 {[%emt 0:00:13]} 34. Bf5 {[%emt 0:00:31]} Qf7 {[%emt 0:00:46]} 35. Qh3 {[%emt 0:01:03]} Rf8 {[%emt 0:00:18]} 36. Rh5 {[%emt 0:00:28]} d4 {[%emt 0:00:35]} 37. Re2 {[%emt 0:00:23]} dxc3 {[%emt 0:00:24]} 38. Rxg2 {[%emt 0:00:40]} Rxg2+ {[%emt 0:00:30]} 39. Qxg2 {[%emt 0:00:28]} Rg8 {[%emt 0:00:17]} 40. Rxh7+ {[%emt 0:00:00]} Qxh7 {[%emt 0:00:10]} 41. Bxh7 {[%emt 0:01:49]} Kxh7 {[%emt 0:00:21]} 42. Qxg8+ {[%emt 0:00:30]} Kxg8 {[%emt 0:00:04]} 43. Kf2 {[%emt 0:00:05]} b5 {[%emt 0:00:24]} 0-1

[Event "Reykjavik Chess Congress 2018"]
[Site "Reykjavik"]
[Date "2018.02.04"]
[Round "8"]
[White "Thorfinnsson, Bragi"]
[Black "Bergsson, Stefan"]
[Result "1-0"]
[WhiteElo "2426"]
[BlackElo "2093"]
[Annotator "TA"]
[PlyCount "67"]
[EventDate "2018.??.??"]
[EventType "swiss"]
[EventCountry "ISL"]
[SourceTitle "playchess.com"]
[Source "ChessBase"]
[SourceQuality "1"]

{[%evp 19,67,69,72,72,65,52,92,92,89,85,85,79,74,70,521,527,495,517,513,505,497,483,481,449,533,308,397,353,612,590,741,704,702,701,703,695,958,943,888,926,927,908,5389,5135,29982,1130,2901,960,5473,5426]} 1. d4 Nf6 2. c4 g6 3. Nc3 Bg7 4. e4 d6 5. Be2 O-O 6. Be3 e5 7. d5 a5 8. g4 {[%cal Bg2g4,Bg4g5][%mdl 32]} Na6 {E73: King's Indian: Averbakh Variation without 6...c5} 9. g5 Nd7 10. h4 Ndc5 {LiveBook: 5 Games. White is slightly better.} 11. Qd2 c6 12. O-O-O $146 ({Predecessor:} 12. f3 a4 13. Nh3 Qa5 14. Nf2 Nb4 15. Kf1 Bd7 16. h5 cxd5 17. cxd5 a3 18. b3 Rfc8 19. Kg2 Rc7 20. hxg6 hxg6 21. Rhc1 {½-½ (21) Riazantsev,A (2671)-Amonatov,F (2592) St Petersburg 2015}) 12... b5 {And now ...b4 would win.} 13. dxc6 b4 {[#]} 14. Nb5 $1 Nxe4 15. Qd5 Bf5 16. Bd3 ({And not} 16. Nxd6 Nc7 $17) 16... Nec5 $2 {[%mdl 8192]} (16... Be6 $14 17. Qxe4 d5) 17. Bxf5 $18 gxf5 18. Nxd6 Ne6 19. Nxf5 Qc7 20. Nxg7 Nxg7 21. Nf3 {[%cal Bg1f3,Bf3d2,Bd2e4,Be4f6][%mdl 32]} Rfe8 22. Nd2 b3 23. a3 Red8 $2 (23... Re6 24. Ne4 Ne8) 24. Qf3 Rd6 25. Ne4 Rxc6 26. Nf6+ Kh8 27. Kb1 {[#] Threatens to win with Qe4.} Qc8 28. Rd7 Rxc4 29. Rhd1 {Black must now prevent Qxa8!} e4 30. Nxe4 Qc6 31. Rd8+ Ne8 32. Rxa8 (32. Qxf7 $142 Qxe4+ 33. Ka1 Qg6 34. Qxc4 Rxd8 35. Rxd8 Kg7 36. h5 Qf7 37. Bd4+ Kf8 38. Qxa6) 32... Qxa8 33. Bd4+ (33. Qxf7 $142 Qxe4+ 34. Ka1) 33... f6 34. gxf6 {Precision: White = 65%, Black = 31%.} 1-0

[Event "Reykjavik Chess Congress 2018"]
[Site "Reykjavik"]
[Date "2018.02.04"]
[Round "8"]
[White "Ragnarsson, Dagur"]
[Black "Halldorsson, Bragi"]
[Result "1-0"]
[WhiteElo "2332"]
[BlackElo "2082"]
[Annotator "NA"]
[PlyCount "85"]
[EventDate "2018.??.??"]
[EventType "swiss"]
[EventCountry "ISL"]
[SourceTitle "playchess.com"]
[Source "ChessBase"]
[SourceQuality "1"]
[TimeControl "40/5400+30:900+30"]

1. d4 {[%emt 0:03:01]} Nf6 {[%emt 0:00:01]} 2. c4 {[%emt 0:00:31]} e6 {[%emt 0:00:14]} 3. Nc3 {[%emt 0:00:21]} d5 {[%emt 0:00:20]} 4. Nf3 {[%emt 0:01:14]} c6 {[%emt 0:02:56]} 5. Bg5 {[%emt 0:01:08]} Be7 {[%emt 0:00:25]} 6. e3 {[%emt 0:00:07]} O-O {[%emt 0:00:10]} 7. a3 {[%emt 0:00:10]} Nbd7 {[%emt 0:01:11]} 8. Qc2 {[%emt 0:01:51]} b6 {[%emt 0:00:37]} 9. Bd3 {[%emt 0:01:02] D61: Queen's Gambit Declined: Classical: 7 Qc2} (9. cxd5 cxd5 10. Bd3 Bb7 11. O-O h6 12. Bf4 Rc8 13. Rfc1 a6 14. a4 Rc6 15. Qe2 Qa8 16. Nd2 Bb4 17. h3 Rfc8 18. Bb5 axb5 19. axb5 Rxc3 20. bxc3 {0-1 (40) Granda Zuniga,J (2636)-Adly,A (2630) Khanty-Mansiysk 2010}) 9... Bb7 {[%emt 0:00:45]} 10. O-O {[%emt 0:00:08]} dxc4 {[%emt 0:01:32]} 11. Bxc4 {[%emt 0:00:26]} c5 {[%emt 0:00:11]} 12. Rad1 {[%emt 0:02:00]} Qc8 $146 {[%emt 0:04:51]} ({Predecessor:} 12... Bxf3 13. gxf3 Nh5 14. Bxe7 Qxe7 15. d5 Ne5 16. Be2 Qh4 {1-0 (28) Berkvens,J (2467)-Span,P (2294) Dieren 2002}) 13. Ba2 {[%emt 0:01:50]} Rd8 {[%emt 0:00:53]} 14. Ne5 {[%emt 0:08:13]} cxd4 {[%emt 0:02:42]} 15. exd4 {[%emt 0:12:25]} Nxe5 {[%emt 0:03:41]} 16. dxe5 {[%emt 0:00:17]} Nd5 {[%emt 0:00:35]} 17. Bxe7 {[%emt 0:11:52]} Nxe7 {[%emt 0:01:37]} 18. Bb1 {[%emt 0:08:50]} g6 {[%emt 0:02:15]} 19. Qe2 {[%emt 0:09:31]} Qc7 {[%emt 0:05:21]} 20. Rc1 {[%emt 0:01:26]} Nc6 {[%emt 0:02:13]} 21. f4 {[%emt 0:00:21]} Nd4 {[%emt 0:05:52]} 22. Qf2 {[%emt 0:00:24]} Nb3 {[%emt 0:02:22]} 23. Nd5 {[%emt 0:09:22]} Qxc1 {[%emt 0:02:29]} 24. Nf6+ {[%emt 0:00:06]} Kg7 {[%emt 0:01:03]} 25. Rxc1 {[%emt 0:00:05]} Nxc1 {[%emt 0:01:09]} 26. Qh4 {[%emt 0:01:35]} Rd1+ {[%emt 0:02:12]} 27. Kf2 {[%emt 0:00:49]} Rd2+ {[%emt 0:12:35]} 28. Ke1 {[%emt 0:00:07]} Rad8 {[%emt 0:00:32]} 29. Qxh7+ {[%emt 0:02:02]} Kf8 {[%emt 0:00:11]} 30. Qh8+ {[%emt 0:00:03]} Ke7 {[%emt 0:00:08]} 31. Ng8+ {[%emt 0:00:04]} Rxg8 {[%emt 0:01:56]} 32. Qf6+ {[%emt 0:00:10]} Ke8 {[%emt 0:01:47]} 33. Kxd2 {[%emt 0:00:05]} Nb3+ {[%emt 0:00:15]} 34. Ke3 {[%emt 0:02:19]} Bxg2 {[%emt 0:00:36]} 35. Bc2 {[%emt 0:00:54]} Bd5 {[%emt 0:00:41]} 36. Bxb3 {[%emt 0:01:51]} Bxb3 {[%emt 0:00:08]} 37. h4 {[%emt 0:04:45]} Rf8 {[%emt 0:02:31]} 38. f5 {[%emt 0:01:54]} exf5 $2 {[%emt 0:00:40]} (38... Rg8 39. fxg6 fxg6) 39. Qc6+ {[%emt 0:00:06]} Ke7 $18 {[%emt 0:02:21]} 40. Qc7+ {[%emt 0:00:00]} Ke8 {[%emt 0:00:14]} 41. Qb8+ {[%emt 0:00:45]} Ke7 {[%emt 0:00:12]} 42. Qxa7+ {[%emt 0:00:07]} Ke8 {[%emt 0:00:38]} 43. Qxb6 {[%emt 0:00:30]} 1-0

[Event "Reykjavik Chess Congress 2018"]
[Site "Reykjavik"]
[Date "2018.02.04"]
[Round "8"]
[White "Olafsson, Thorvardur"]
[Black "Fridjonsson, Julius"]
[Result "1/2-1/2"]
[WhiteElo "2178"]
[BlackElo "2137"]
[Annotator "NA"]
[PlyCount "117"]
[EventDate "2018.??.??"]
[EventType "swiss"]
[EventCountry "ISL"]
[SourceTitle "playchess.com"]
[Source "ChessBase"]
[SourceQuality "1"]
[TimeControl "40/5400+30:900+30"]

1. e4 {[%emt 0:05:43]} c5 {[%emt 0:00:25]} 2. Nf3 {[%emt 0:00:39]} Nc6 {[%emt 0:00:05]} 3. d4 {[%emt 0:00:12]} cxd4 {[%emt 0:00:06]} 4. Nxd4 {[%emt 0:00:08]} Nf6 {[%emt 0:00:08]} 5. Nc3 {[%emt 0:00:12]} e6 {[%emt 0:00:11]} 6. Ndb5 {[%emt 0:00:46]} Bb4 {[%emt 0:00:11]} 7. a3 {[%emt 0:00:14]} Bxc3+ {[%emt 0:00:06]} 8. Nxc3 {[%emt 0:00:05]} d5 {[%emt 0:00:08]} 9. exd5 {[%emt 0:00:06]} exd5 {[%emt 0:00:04]} 10. Bd3 {[%emt 0:00:23]} d4 {[%emt 0:00:24]} 11. Ne2 {[%emt 0:01:16]} O-O {[%emt 0:00:24]} 12. O-O {[%emt 0:00:26]} Bg4 {[%emt 0:03:13]} 13. f3 {[%emt 0:02:06]} Bh5 {[%emt 0:00:48]} 14. b4 {[%emt 0:03:12] B45: Sicilian Four Knights} a5 $146 {[%emt 0:23:07]} ({Predecessor:} 14... Qb6 15. Rf2 Rad8 16. Bg5 Ne5 17. Ng3 Bg6 18. f4 Nxd3 19. cxd3 h6 20. Bxf6 Qxf6 21. f5 Bh7 {1-0 (35) Balogh,C (2648)-Petrov,M (2438) Porto Rio 2014}) 15. b5 {[%emt 0:09:33]} Ne5 {[%emt 0:00:56]} 16. Bb2 {[%emt 0:18:21]} Nxd3 {[%emt 0:01:37]} 17. Qxd3 {[%emt 0:04:17]} Bg6 {[%emt 0:00:35]} 18. Qxd4 {[%emt 0:00:45]} Bxc2 {[%emt 0:00:53]} 19. Qxd8 {[%emt 0:01:22]} Rfxd8 {[%emt 0:03:21]} 20. Bxf6 {[%emt 0:16:58]} gxf6 {[%emt 0:00:19]} 21. Rfc1 {[%emt 0:00:40]} Bd3 {[%emt 0:09:53]} 22. Nc3 {[%emt 0:00:49]} Rac8 {[%emt 0:02:28]} 23. Ne4 {[%emt 0:13:42]} Bxb5 {[%emt 0:09:07]} 24. Rxc8 {[%emt 0:02:34]} Rxc8 {[%emt 0:00:03]} 25. Nd6 {[%emt 0:01:47]} Rc5 {[%emt 0:06:06]} 26. Nxb7 {[%emt 0:00:19]} Rc2 {[%emt 0:00:14]} 27. Nxa5 {[%emt 0:02:03]} Ba4 {[%emt 0:00:12]} 28. Rb1 {[%emt 0:06:28]} Rc3 {[%emt 0:01:25]} 29. Rb8+ {[%emt 0:00:35]} Kg7 {[%emt 0:00:12]} 30. Ra8 {[%emt 0:00:35]} Rxa3 {[%emt 0:01:15]} 31. Nc4 {[%emt 0:00:41]} Ra1+ 32. Kf2 Ra2+ {[%emt 0:03:02]} 33. Kg3 {[%emt 0:00:49]} Bb3 {[%emt 0:00:06]} 34. Rxa2 {[%emt 0:00:09]} Bxa2 {[%emt 0:00:08]} 35. Nd6 {[%emt 0:01:24]} Kg6 {[%emt 0:01:27]} 36. Kf4 {[%emt 0:00:21]} Bb1 {[%emt 0:03:35]} 37. g4 {[%emt 0:03:32]} Bd3 {[%emt 0:01:05]} 38. Nc8 {[%emt 0:04:01]} h6 {[%emt 0:06:49]} 39. Ne7+ {[%emt 0:00:42]} Kg7 {[%emt 0:00:03]} 40. Nf5+ {[%emt 0:00:47]} Kg6 {[%emt 0:15:36]} 41. h4 {[%emt 0:00:53]} Bb5 {[%emt 0:04:48]} 42. h5+ {[%emt 0:06:09]} Kh7 {[%emt 0:00:02]} 43. Nd6 {[%emt 0:00:27]} Bc6 {[%emt 0:00:13]} 44. Nxf7 {[%emt 0:00:57]} Kg7 {[%emt 0:00:18]} 45. Nd6 {[%emt 0:00:22]} Bd7 {[%emt 0:00:34] [#]} 46. Nf5+ $1 {[%emt 0:01:53]} Kh7 {[%emt 0:00:02]} 47. Nd4 {[%emt 0:01:56]} Kg7 {[%emt 0:00:19] [#]} 48. Ke4 $1 {[%emt 0:01:55]} Bc8 {[%emt 0:00:16]} 49. Nf5+ {[%emt 0:02:03]} (49. Kd5 $142 Kf7 50. Ke4) 49... Kh7 $18 {[%emt 0:00:03]} 50. Nh4 {[%emt 0:01:57]} Kg7 {[%emt 0:00:14]} 51. Kd5 {[%emt 0:00:17]} Kf7 {[%emt 0:01:03]} 52. Nf5 {[%emt 0:01:48]} Bb7+ {[%emt 0:00:10]} 53. Kd6 {[%emt 0:00:16]} Bxf3 {[%emt 0:00:37]} 54. Nxh6+ {[%emt 0:00:07]} Kg7 {[%emt 0:00:50]} 55. Nf5+ {[%emt 0:00:04]} Kh7 {[%emt 0:02:26]} 56. Ne3 {[%emt 0:00:22]} Kh6 {[%emt 0:02:14]} 57. Ke6 {[%emt 0:00:51]} Bxg4+ {[%emt 0:00:13]} 58. Nxg4+ {[%emt 0:00:05]} Kxh5 {[%emt 0:00:13]} 59. Nxf6+ {[%emt 0:00:03]} 1/2-1/2